000 00848nam a2200193 4500
001 172976
003 ES-MaACL
005 20230906215108.0
008 090929b1988 sp n |||| | spa d
080 _a616.89
100 1 _aPinel, Philippe.
_992114
245 1 0 _aTratado médico-filosófico de la enagenación del alma o manía /
_cescrito en francés por Felipe Pinel... ; traducido al castellano por el Dr. D. Luis Guarnerio y Allavena, Médico en el Real Sitio de S. Ildefonso.
260 _a[Madrid] :
_b[s.n.],
_c[1988]
300 _a416, [2] p., [1] h. pleg., [2] h. de lám. ;
_c18 cm.
534 _pFacsímil de la ed. de:
_cMadrid : en la Imprenta Real, 1804.
650 4 _aPsiquiatría-
_vObras anteriores a 1800.
_916593
700 1 _aGuarnerio y Allavena, Luis.
_9127591
852 4 _aES-MaACL
_jE-13010
_z- Donativo doctor Calles
999 _c172976
_d172976